| 000 | 00608nam a2200253Ia 4500 | ||
|---|---|---|---|
| 008 | 181129s9999 xx 000 0 und d | ||
| 020 | _a9780590222969 | ||
| 050 | _bC689 1995 | ||
| 100 | _aCole, Joanna | ||
| 245 | 0 | _aPlants seeds : | |
| 245 | 2 | _ba book about how living things grow / | |
| 245 | 0 | _cby Joanna Cole. | |
| 260 | _aNew York, NY : | ||
| 260 | _bScholastic, | ||
| 260 | _c1995 | ||
| 300 | _aunpaged : | ||
| 300 | _bcolor illustrations ; | ||
| 300 | _c20cm. | ||
| 440 | _aThe magic school bus. | ||
| 500 | _a420L | ||
| 650 | _aPlants. | ||
| 700 | _aSeries. | ||
| 700 | _aTitle. | ||
| 999 |
_c360019 _d360019 |
||